Phenomenon of Cloning and specificity of its usage; Journal of Economics and Social Sciences; № 9
| Parent link: | Journal of Economics and Social Sciences: electronic scientific journal.— , 2012-.— 2312-2978 № 9.— 2017.— [3 p.] |
|---|---|
| Hlavní autor: | |
| Korporativní autor: | |
| Další autoři: | |
| Shrnutí: | Title screen Cloning is studied by different branches of science. Medicine is interested in cloning because of its ability to transplant special tissues and organs, genetics - with the purpose of studying heredity and succession, sociology deals with moral and ethic aspects of the phenomenon. The paper is devoted to the study of cloning, its special features and usage in different spheres of social life. The article represents main types of cloning, specificity of vegetative and animal cloning and problems of its expansion. The paper also demonstrates the actual topic of nowadays studies connected with human cloning and its aftereffects for science and society. The article may be useful for a wide audience and for people, who are interested in studies of cloning and problems of its realization. |
| Jazyk: | angličtina |
| Vydáno: |
2017
|
| Edice: | Социологические науки |
| Témata: | |
| On-line přístup: | http://earchive.tpu.ru/handle/11683/37922 |
| Médium: | MixedMaterials Elektronický zdroj Kapitola |
| KOHA link: | https://koha.lib.tpu.ru/cgi-bin/koha/opac-detail.pl?biblionumber=571343 |
MARC
| LEADER | 00000naa2a2200000 4500 | ||
|---|---|---|---|
| 001 | 571343 | ||
| 005 | 20231225100336.0 | ||
| 035 | |a (RuTPU)RU\TPU\prd\269258 | ||
| 035 | |a RU\TPU\prd\269257 | ||
| 090 | |a 571343 | ||
| 100 | |a 20170208a2017 k y0rusy50 ba | ||
| 101 | 0 | |a eng | |
| 102 | |a RU | ||
| 135 | |a drcn ---uucaa | ||
| 181 | 0 | |a i | |
| 182 | 0 | |a b | |
| 200 | 1 | |a Phenomenon of Cloning and specificity of its usage |f Z. Yusubova, Yu. A. Zeremskaya | |
| 203 | |a Text |c electronic | ||
| 215 | |a 1 файл (258 Кб) | ||
| 225 | 1 | |a Социологические науки | |
| 300 | |a Title screen | ||
| 320 | |a [References: 7 tit.] | ||
| 330 | |a Cloning is studied by different branches of science. Medicine is interested in cloning because of its ability to transplant special tissues and organs, genetics - with the purpose of studying heredity and succession, sociology deals with moral and ethic aspects of the phenomenon. The paper is devoted to the study of cloning, its special features and usage in different spheres of social life. The article represents main types of cloning, specificity of vegetative and animal cloning and problems of its expansion. The paper also demonstrates the actual topic of nowadays studies connected with human cloning and its aftereffects for science and society. The article may be useful for a wide audience and for people, who are interested in studies of cloning and problems of its realization. | ||
| 461 | 1 | |0 (RuTPU)RU\TPU\prd\225573 |x 2312-2978 |t Journal of Economics and Social Sciences |o electronic scientific journal |d 2012- | |
| 463 | 1 | |0 (RuTPU)RU\TPU\prd\269246 |t № 9 |v [3 p.] |d 2017 | |
| 610 | 1 | |a труды учёных ТПУ | |
| 610 | 1 | |a электронный ресурс | |
| 610 | 1 | |a cloning | |
| 610 | 1 | |a клонирование | |
| 610 | 1 | |a пересадка органов | |
| 610 | 1 | |a социология | |
| 610 | 1 | |a наука | |
| 700 | 1 | |a Yusubova |b Z. |g Zyliya | |
| 701 | 1 | |a Zeremskaya |b Yu. A. |c linguist |c Associate Professor of Tomsk Polytechnic University, Candidate of philological sciences |f 1980- |g Yuliya Aleksandrovna |3 (RuTPU)RU\TPU\pers\31966 |9 16026 | |
| 712 | 0 | 2 | |a Национальный исследовательский Томский политехнический университет (ТПУ) |b Институт социально-гуманитарных технологий (ИСГТ) |b Кафедра иностранных языков (ИЯСГТ) |3 (RuTPU)RU\TPU\col\18376 |
| 801 | 1 | |a RU |b 63413507 |c 20090623 |g PSBO | |
| 801 | 2 | |a RU |b 63413507 |c 20170413 |g PSBO | |
| 856 | 4 | |u http://earchive.tpu.ru/handle/11683/37922 | |
| 942 | |c BK | ||